00338nam a2200133 a 450000100060000000300090000600800410001504000280005608200180008410000230010224500300012526000190015565000300017411997CO-ViMGA141112s2004 ck r 000 u spa d aCO-ViMGAbspacCO-ViMGA04a334.0986 C6561 aTorres, Pablo Jose10aOrientación Cooperativa aEditora dosmil14aCOOPERATIVISMO - COLOMBIA